000
00212nam a2200097Ia 4500
008
191206s9999 xx 000 0 und d
020
_a
712680012
090
_a
PS3557R335
245
4
_a
THE BRETHREN
260
_c
c2000
999
_c
17030
_d
17030